000
00214nam a22000977a 4500
999
_c
261819
_d
261818
020
_a
9780531252369
100
_a
Alicia Padron
245
_a
Brush, Brush,Brush
260
_a
New York
_b
Scholastic
_c
2010
942
_c
BK